Proposal of a Methodological Procedure Related to the Statutory Audit in the Verification of Deconsolidation
Salvato in:
| Autore principale: | |
|---|---|
| Altri autori: | , |
| Natura: | Capitolo di libro |
| Lingua: | inglese |
| Soggetti: | |
| Tags: |
Nessun Tag, puoi essere il primo ad aggiungerne!!
|
MARC
| LEADER | 00000naa$a2200000$$$4500 | ||
|---|---|---|---|
| 001 | 0305671 | ||
| 005 | 20250128100438.9 | ||
| 041 | 0 | |a eng | |
| 044 | |a SK | ||
| 245 | 1 | 0 | |a Proposal of a Methodological Procedure Related to the Statutory Audit in the Verification of Deconsolidation |c Petra Krišková, Ján Užík, Lenka Užíková |
| 500 | |a Abstrakt | ||
| 610 | 2 | 0 | |a audit |
| 610 | 2 | 0 | |a konsolidácia |
| 100 | 1 | |a Krišková, Petra, 1981- | |
| 700 | 1 | |a Užík, Ján, 1969- | |
| 700 | 1 | |a Užíková, Lenka, 1996- | |